Tratado de las sociedades mercantiles y demás entidades de carácter comercial según el derecho español / (Record no. 61189)

MARC details
000 -LEADER
campo de control de longitud fija 01075nam a2200265 i 4500
001 - NÚMERO DE CONTROL
campo de control 61189
003 - IDENTIFICADOR DE NÚMERO DE CONTROL
campo de control ES-MaACL
005 - FECHA Y HORA DE LA ÚLTIMA TRANSACCIÓN
campo de control 20250809031657.0
007 - CAMPO FIJO DE DESCRIPCIÓN FÍSICA--INFORMACIÓN GENERAL
campo de control de longitud fija t|
008 - DATOS DE LONGITUD FIJA--INFORMACIÓN GENERAL
campo de control de longitud fija 031111s1907 sp ||||1| spa d
080 ## - NÚMERO DE LA CLASIFICACIÓN DECIMAL UNIVERSAL
Número de la Clasificación Decimal Universal 347.7(460)
100 1# - ENTRADA PRINCIPAL--NOMBRE DE PERSONA
Nombre de persona Estasén y Cortada, Pedro.
9 (RLIN) 48023
245 10 - MENCIÓN DEL TÍTULO
Título Tratado de las sociedades mercantiles y demás entidades de carácter comercial según el derecho español /
Mención de responsabilidad, etc. por Pedro Estasén.
260 ## - PUBLICACIÓN, DISTRIBUCIÓN, ETC.
Lugar de publicación, distribución, etc. Madrid :
Nombre del editor, distribuidor, etc. Hijos de Reus,
Fecha de publicación, distribución, etc. 1907 (
Fabricante Imp. de la Revista de Legislación.)
300 ## - DESCRIPCIÓN FÍSICA
Extensión 613 p. ;
Dimensiones 23 cm.
490 1# - MENCIÓN DE SERIE
Mención de serie Biblioteca jurídica de autores españoles y extranjeros
530 ## - NOTA DISPONIBLE DE FORMULARIO FÍSICO ADICIONAL
Nota de formato físico adicional disponible Disponible en formato digital.
650 #4 - PUNTO DE ACCESO ADICIONAL DE MATERIA--TÉRMINO DE MATERIA
Término de materia o nombre geográfico como elemento de entrada Sociedades-
Subdivisión geográfica España.
9 (RLIN) 150724
650 04 - PUNTO DE ACCESO ADICIONAL DE MATERIA--TÉRMINO DE MATERIA
Término de materia o nombre geográfico como elemento de entrada Derecho mercantil-
Subdivisión geográfica España
9 (RLIN) 11735
830 1# - PUNTO DE ACCESO ADICIONAL DE SERIE-TÍTULO UNIFORME
Título uniforme Biblioteca jurídica de autores españoles y extranjeros
9 (RLIN) 182228
852 ## - LOCALIZACIÓN
Ubicación ES-MaACL
Número de control de estantería F-14591
Ubicación en estantería Sala Pecera Planta 2
Nota libre Revisado enlace: 21 de julio de 2025
856 4# - LOCALIZACIÓN Y ACCESO ELECTRÓNICOS
Identificador Uniforme de Recursos <a href="http://bdh-rd.bne.es/viewer.vm?id=0000242866&page=1 ">http://bdh-rd.bne.es/viewer.vm?id=0000242866&page=1 </a>
Texto de enlace Biblioteca Digital Hispánica
942 ## - ELEMENTOS DE ENTRADA SECUNDARIOS (KOHA)
Fuente del sistema de clasificación o colocación Clasificación decimal universal
Holdings
Estatus retirado Estado de pérdida Estado de daño No para préstamo Colección Biblioteca de origen Biblioteca actual Ubicación en estantería Fecha de adquisición Fuente de adquisición Total de préstamos Signatura topográfica completa Código de barras Visto por última vez Precio de reemplazo Tipo de ítem Koha
        Colección digital Biblioteca del Ateneo de Madrid Biblioteca del Ateneo de Madrid Sala Pecera Planta 2 17/01/2008     F-14591 1064166 23/02/2023 23/02/2023 Libro impreso